000 01847nam0a2200349 4500
001 RU\NLR\bibl\1472454
005 20260405090957.0
010 _a978-5-9675-0339-9
_9300
021 _aRU
_b2009-102269
_96506
035 _a(NLR Aleph) 001464140
090 _a1602203
_c1602203
100 _a20091221d2009 |||y0rusy50 ca
101 0 _arus
102 _aRU
105 _aa |||||||||
200 1 _aПроизводственная среда предприятия АПК как информационная динамическая система при анализе и прогнозировании травматизма и профессионально-обусловленной заболеваемости
_eмонография
_fР.Х. Юсупов, А.В. Зайнишев, Ю.Г. Горшков
_gМ-во сел. хоз-ва Рос. Федерации, Рос. гос. аграр. ун-т - МСХА им. К.А. Тимирязева
210 _aМосква
_cИзд-во РГАУ - МСХА
_d2009
215 _a218 с.
_cил.
_d20
320 _aБиблиогр.: с. 198-218 (229 назв.)
606 1 _aРаботники агропромышленных комплексов
_xПроизводственный травматизм
_92586076
_3RU\NLR\auth\661528529
686 _aР124.540-4,0
_2rubbk
686 _aР124.54-4
686 _aУ24(2)795.32
700 1 _aЮсупов
_bР. Х.
_gРамазан Хабибрахманович
_4070
701 1 _aЗайнишев
_bА. В.
_gАльфред Варисович
_4070
701 1 _4070
_8rus
_7ca
_aГоршков
_bЮ. Г.
_f1935-
_gЮрий Германович
_3RU\NLR\auth\7732483
_915491
801 0 _aRU
_bRuMoRGB
_c20091221
_grcr
801 1 _aRU
_bRuMoRGB
_c20091221
801 2 _aRU
_bNLR
_c20100211
_grcr
830 _aавт. по кн.
942 _cBOOK
980 _aNB